5HLuxD.jpg

KING HENRY VIII SENIOR AND PRIMARY SCHOOL LIBRARY OPAC

The merchant of Venice / (Record no. 2860)

000 -LEADER
fixed length control field 01301cam a2200373 a 4500
001 - CONTROL NUMBER
control field 017503520
003 - CONTROL NUMBER IDENTIFIER
control field OSt
005 - DATE AND TIME OF LATEST TRANSACTION
control field 20230824162153.0
008 - FIXED-LENGTH DATA ELEMENTS--GENERAL INFORMATION
fixed length control field 100913s2010 enkah b 001 d eng d
015 ## - NATIONAL BIBLIOGRAPHY NUMBER
National bibliography number GBB0B1308
Source bnb
020 ## - INTERNATIONAL STANDARD BOOK NUMBER
International Standard Book Number 9781903436813 (pbk.)
020 ## - INTERNATIONAL STANDARD BOOK NUMBER
International Standard Book Number 1903436818 (pbk.)
035 ## - SYSTEM CONTROL NUMBER
System control number (Uk)015650059
035 ## - SYSTEM CONTROL NUMBER
System control number (StEdALDL)1/2458197
035 ## - SYSTEM CONTROL NUMBER
System control number (OCoLC)703849473
040 ## - CATALOGING SOURCE
Original cataloging agency StDuBDS
Language of cataloging eng
Transcribing agency StDuBDS
Modifying agency KH8
042 ## - AUTHENTICATION CODE
Authentication code ukscp
082 04 - DEWEY DECIMAL CLASSIFICATION NUMBER
Classification number 822.33 SHA
Edition number 22
100 1# - MAIN ENTRY--PERSONAL NAME
Personal name Shakespeare, William,
Dates associated with a name 1564-1616,
Relator term author.
245 14 - TITLE STATEMENT
Title The merchant of Venice /
Statement of responsibility, etc. edited by John Drakakis.
260 ## - PUBLICATION, DISTRIBUTION, ETC.
Place of publication, distribution, etc. London :
Name of publisher, distributor, etc. Arden Shakespeare,
Date of publication, distribution, etc. 2010.
300 ## - PHYSICAL DESCRIPTION
Extent xx, 460 p. :
Other physical details ill., facsims. ;
Dimensions 21 cm.
490 1# - SERIES STATEMENT
Series statement The Arden Shakespeare. 3rd series
504 ## - BIBLIOGRAPHY, ETC. NOTE
Bibliography, etc. note Includes bibliographical references (p. 434-451) and index.
600 00 - SUBJECT ADDED ENTRY--PERSONAL NAME
Personal name Shylock
Titles and other words associated with a name (Fictitious character)
Form subdivision Drama.
600 10 - SUBJECT ADDED ENTRY--PERSONAL NAME
Personal name Shakespeare, William,
Dates associated with a name 1564-1616.
Title of a work Merchant of Venice.
600 10 - SUBJECT ADDED ENTRY--PERSONAL NAME
Personal name Shakespeare, William,
Dates associated with a name 1564-1616
General subdivision Criticism and interpretation.
650 #0 - SUBJECT ADDED ENTRY--TOPICAL TERM
Topical term or geographic name entry element Moneylenders
Geographic subdivision Italy
-- Venice
Form subdivision Drama.
650 #0 - SUBJECT ADDED ENTRY--TOPICAL TERM
Topical term or geographic name entry element Jews
Geographic subdivision Italy
-- Venice
Form subdivision Drama.
651 #0 - SUBJECT ADDED ENTRY--GEOGRAPHIC NAME
Geographic name Venice (Italy)
Form subdivision Drama.
700 1# - ADDED ENTRY--PERSONAL NAME
Personal name Drakakis, John,
Relator term author.
800 1# - SERIES ADDED ENTRY--PERSONAL NAME
Personal name Shakespeare, William,
Dates associated with a name 1564-1616.
Title of a work Works.
Date of a work 1995.
942 ## - ADDED ENTRY ELEMENTS (KOHA)
Source of classification or shelving scheme
Koha item type Teaching Resources
Holdings
Withdrawn status Lost status Source of classification or shelving scheme Damaged status Not for loan Collection code Permanent Location Current Location Shelving location Date acquired Full call number Barcode Date last seen Price effective from Koha item type
          Teaching Resources KH8 Senior School Library KH8 Senior School Library Staff Office 2023-08-24 822.33 SHA TRKHSL002391 2023-08-24 2023-08-24 Teaching Resources
          Teaching Resources KH8 Senior School Library KH8 Senior School Library Staff Office 2023-08-24 822.33 SHA TRKHSL002392 2023-08-24 2023-08-24 Teaching Resources
          Teaching Resources KH8 Senior School Library KH8 Senior School Library Staff Office 2023-08-24 822.33 SHA TRKHSL002393 2023-08-24 2023-08-24 Teaching Resources
          Teaching Resources KH8 Senior School Library KH8 Senior School Library Staff Office 2023-08-24 822.33 SHA TRKHSL002394 2023-08-24 2023-08-24 Teaching Resources
          Teaching Resources KH8 Senior School Library KH8 Senior School Library Staff Office 2023-08-24 822.33 SHA TRKHSL002395 2023-08-24 2023-08-24 Teaching Resources
          Teaching Resources KH8 Senior School Library KH8 Senior School Library Staff Office 2023-08-24 822.33 SHA TRKHSL002396 2023-08-24 2023-08-24 Teaching Resources
          Teaching Resources KH8 Senior School Library KH8 Senior School Library Staff Office 2023-08-24 822.33 SHA TRKHSL002397 2023-08-24 2023-08-24 Teaching Resources
          Teaching Resources KH8 Senior School Library KH8 Senior School Library Staff Office 2023-08-24 822.33 SHA TRKHSL002398 2023-08-24 2023-08-24 Teaching Resources
          Teaching Resources KH8 Senior School Library KH8 Senior School Library Staff Office 2023-08-24 822.33 SHA TRKHSL002400 2023-08-24 2023-08-24 Teaching Resources
          Teaching Resources KH8 Senior School Library KH8 Senior School Library Staff Office 2025-11-12 822.33 SHA TRKHSL006779 2025-11-12 2025-11-12 Teaching Resources

Powered By KH8 IT Dept